000 00758 a2200241 4500
003 CBULib
005 20250130093805.0
008 250130b |||||||| |||| 00| 0 eng d
020 _a9781412974271
040 _bEnglish
_cCBULib
_erda
050 _aLB 2806 Lum
100 _aLumby, Jacky
245 _aLeadership as lunacy : and other metaphors for educational leadership
_c/ by Jacky Lumby
260 _bSAGE,
_c2010
_aThousand Oaks :
300 _axiv, 156 pages
336 _2rdacontent
_aText |
_btxt
337 _2rdamedia
_aUnmediated |
_bn
338 _2rdacarrier
_aVolume
_bnc
500 _aIncludes bibliographical references and index.
650 0 _93761
_aEDUCATIONAL LEADERSHIP
700 _94325
_aFenwick W. English.
942 _2lcc
_c002
999 _c85973
_d85973